Исследование закономерностей и характеристик зажигания и горения капель гелеобразного топлива; Сопряженные задачи механики реагирующих сред, информатики и экологии

Bibliografische gegevens
Parent link:Сопряженные задачи механики реагирующих сред, информатики и экологии.— 2018.— [С. 195-197]
Hoofdauteur: Нигай А. Г. Александр Герасимович
Coauteur: Национальный исследовательский Томский политехнический университет Инженерная школа энергетики
Andere auteurs: Яшутина О. С. Ольга Сергеевна (научный руководитель), Глушков Д. О. Дмитрий Олегович
Samenvatting:Заглавие с экрана
Taal:Russisch
Gepubliceerd in: 2018
Onderwerpen:
Online toegang:http://vital.lib.tsu.ru/vital/access/manager/Repository/vtls:000633938
Formaat: Elektronisch Hoofdstuk
KOHA link:https://koha.lib.tpu.ru/cgi-bin/koha/opac-detail.pl?biblionumber=664891

MARC

LEADER 00000naa0a2200000 4500
001 664891
005 20250815101215.0
035 |a (RuTPU)RU\TPU\network\36076 
035 |a RU\TPU\tpu\27608 
090 |a 664891 
100 |a 20210527d2018 k y0rusy50 ca 
101 0 |a rus 
102 |a RU 
135 |a drcn ---uucaa 
181 0 |a i  
182 0 |a b 
200 1 |a Исследование закономерностей и характеристик зажигания и горения капель гелеобразного топлива  |f А. Г. Нигай, О. С. Яшутина  |g науч. рук. Д. О. Глушков 
203 |a Текст  |c электронный 
300 |a Заглавие с экрана 
463 |t Сопряженные задачи механики реагирующих сред, информатики и экологии  |o материалы XXI Всероссийской научной конференции с международным участием, Томск, 17-19 Сентября 2018  |f Национальный исследовательский Томский государственный университет (ТГУ)  |v [С. 195-197]  |d 2018 
610 1 |a труды учёных ТПУ 
610 1 |a электронный ресурс 
700 1 |a Нигай  |b А. Г.  |c специалист в области информатики и вычислительной техники  |c инженер Томского политехнического университета  |f 1992-  |g Александр Герасимович  |3 (RuTPU)RU\TPU\pers\37146 
701 1 |a Яшутина  |b О. С.  |c специалист в области теплоэнергетики  |c инженер-исследователь Томского политехнического университета  |f 1993-  |g Ольга Сергеевна  |3 (RuTPU)RU\TPU\pers\44578 
702 1 |a Глушков  |b Д. О.  |c специалист в области теплоэнергетики  |c доцент Томского политехнического университета, кандидат физико-математических наук  |f 1988-  |g Дмитрий Олегович  |4 727 
712 0 2 |a Национальный исследовательский Томский политехнический университет  |b Инженерная школа энергетики  |c (2017- )  |3 (RuTPU)RU\TPU\col\23503 
801 1 |a RU  |b 63413507  |c 20150609 
801 2 |a RU  |b 63413507  |c 20210527  |g RCR 
856 4 0 |u http://vital.lib.tsu.ru/vital/access/manager/Repository/vtls:000633938 
942 |c CF